|
|
|
|
| LEADER |
00000nam0a2200000 4500 |
| 001 |
181055 |
| 005 |
20231031170946.0 |
| 035 |
|
|
|a (RuTPU)RU\TPU\book\196270
|
| 090 |
|
|
|a 181055
|
| 100 |
|
|
|a 20100601d1973 m y0rusy50 ca
|
| 101 |
0 |
|
|a rus
|
| 102 |
|
|
|a RU
|
| 105 |
|
|
|a a z 001zy
|
| 200 |
1 |
|
|a Стрелка Васильевского острова
|f П. Я. Канн
|
| 210 |
|
|
|a Ленинград
|c Лениздат
|d 1973
|
| 215 |
|
|
|a 144 с.
|c ил.
|
| 320 |
|
|
|a Библиогр.: с. 141-143.
|
| 610 |
1 |
|
|a Ленинград
|
| 610 |
1 |
|
|a Санкт-Петербург
|
| 610 |
1 |
|
|a история
|
| 610 |
1 |
|
|a достопримечательности
|
| 610 |
1 |
|
|a Стрелка Васильевского острова
|
| 610 |
1 |
|
|a архитектурный облик
|
| 610 |
1 |
|
|a биржа
|
| 610 |
1 |
|
|a дворцы
|
| 610 |
1 |
|
|a Ленинградский университет
|
| 675 |
|
|
|a 9(С12)
|v 3
|
| 675 |
|
|
|a 711.424
|v 3
|
| 700 |
|
1 |
|a Канн
|b П. Я.
|g Павел Яковлевич
|
| 801 |
|
1 |
|a RU
|b 63413507
|c 20100601
|
| 801 |
|
2 |
|a RU
|b 63413507
|c 20101213
|g RCR
|
| 942 |
|
|
|c BK
|